LEADER 01136nam0-2200361---450- 001 990009339050403321 005 20110407125855.0 035 $a000933905 035 $aFED01000933905 035 $a(Aleph)000933905FED01 035 $a000933905 100 $a20110407d1966----km-y0itay50------ba 101 0 $afre 102 $aFR 105 $a--------001yy 200 1 $aAtlas stéréotaxique du diencéphale du rat blanc$fD. Albe-Fessard, F. Stutinsky, S. Libouban 210 $aParis$cCentre National de la Recherche Scientifique$d1966 215 $a115 p.$cin gran parte ill.$d25 x 32 cm 610 0 $aRatti$aAnatomia$aAtlanti 610 0 $aCervello$aAtlanti 610 0 $aEncefalo$aRatti$aAtlanti 610 0 $aTecniche stereotassiche 676 $a599.323 3 700 1$aAlbe-Fessard,$bDenise$097296 701 1$aLibouban,$bS.$g$0510654 701 1$aStutinsky,$bF.$0510655 801 0$aIT$bUNINA$gRICA$2UNIMARC 901 $aBK 912 $a990009339050403321 952 $aIIIc C 153$bs.i$fDMVSF 959 $aDMVSF 996 $aAtlas stéréotaxique du diencéphale du rat blanc$9767132 997 $aUNINA LEADER 01188nam--2200397---450- 001 990001227790203316 005 20051114134811.0 010 $a88-88340-22-X 035 $a000122779 035 $aUSA01000122779 035 $a(ALEPH)000122779USA01 035 $a000122779 100 $a20031029d2002----km-y0enga50------ba 101 0 $aita 102 $aIT 105 $a||||||||001yy 200 1 $aModelli computazionali della mente$fOscar Bettelli 210 $aLanciano$cCarabba$d2002 215 $a173 p.$d21 cm 225 2 $aCultura dell'anima$hNuova serie$v10 410 0$12001$aCultura dell'anima$hNuova serie$v10 606 0 $aIntelligenza artificiale 606 0 $aMente 676 $a153 700 1$aBETTELLI,$bOscar$0556505 801 0$aIT$bsalbc$gISBD 912 $a990001227790203316 951 $aII.3. 2673(VI ps B 1125)$b168619 L.M.$cVI ps B$d00087315 959 $aBK 969 $aUMA 979 $aMARIA$b10$c20031029$lUSA01$h1617 979 $aPATRY$b90$c20040406$lUSA01$h1728 979 $aSIAVER$b90$c20040621$lUSA01$h1137 979 $aCOPAT5$b90$c20051114$lUSA01$h1348 996 $aModelli computazionali della mente$9984710 997 $aUNISA